[Event "Gap op 2nd"]
[Site "Gap"]
[Date "2008.04.14"]
[Round "1"]
[White "Moreau, Lionel"]
[Black "Okhotnik, Vladimir"]
[Result "0-1"]
[WhiteElo "1701"]
[BlackElo "2462"]
[PlyCount "64"]
[EventDate "2008.04.14"]
[EventType "swiss"]
[EventRounds "9"]
[EventCountry "FRA"]
[SourceTitle "CBM 123 Extra"]
[Source "ChessBase"]
[SourceDate "2008.05.06"]
[SourceVersion "1"]
[SourceVersionDate "2008.05.06"]
[SourceQuality "1"]

1. d4 c5 2. c3 g6 3. e3 Bg7 4. Bd3 d6 5. h3 Nc6 6. Nf3 Nf6 7. Qc2 0-0 8. 0-0 b6 9. a3 a5 10. b3 Bb7 11. Nbd2 cxd4 12. Nxd4 e5 13. Nxc6 Bxc6 14. Bb2 Qc7 15. a4 Qb7 16. f3 Bh6 17. e4 Bf4 18. Rae1 Nh5 19. Nc4 b5 20. axb5 Bxb5 21. Ne3 Bxd3 22. Qxd3 Qxb3 23. Rb1 Bxe3+ 24. Qxe3 Rfb8 25. Qd3 Qa2 26. Rf2 Nf4 27. Qxd6 Qxb1+ 28. Kh2 Rxb2 29. Qxe5 Rxf2 30. Qxf4 Qf1 31. Qg4 Rd8 32. Kg3 Rxg2+ 0-1

[Event "Salon de Provence op 1st"]
[Site "Salon de Provence"]
[Date "2006.04.25"]
[Round "2"]
[White "Wicks, Keith"]
[Black "Moreau, Lionel"]
[Result "0-1"]
[WhiteElo "1530"]
[BlackElo "1380"]
[PlyCount "90"]
[EventDate "2006.04.24"]
[EventType "swiss"]
[EventRounds "7"]
[EventCountry "FRA"]
[SourceTitle "CBM 112 Extra"]
[Source "ChessBase"]
[SourceDate "2006.07.14"]
[SourceVersion "1"]
[SourceVersionDate "2006.07.14"]
[SourceQuality "1"]

1. e4 c5 2. Nf3 d6 3. c4 Nf6 4. Nc3 g6 5. d4 cxd4 6. Nxd4 Bg7 7. Bd3 0-0 8. Nce2 a6 9. 0-0 Bd7 10. Rb1 Nc6 11. Qb3 Na5 12. Qc2 Rc8 13. b4 Nc6 14. a4 Ne5 15. f4 Nxd3 16. Qxd3 Bxa4 17. b5 axb5 18. Qa3 Ra8 19. Nc3 Nxe4 20. Nxe4 Bxd4+ 21. Kh1 Bc2 22. Qf3 Bxb1 23. Ng5 bxc4 24. Qh3 h5 25. g4 f6 26. Ne6 Be4+ 27. Rf3 Bxf3+ 28. Qxf3 Qb6 29. Qd5 Rf7 30. Nxd4 Ra1 31. Qxc4 Rxc1+ 32. Qxc1 Qxd4 33. gxh5 Qe4+ 34. Kg1 gxh5 35. Qc8+ Rf8 36. Qh3 Qg6+ 37. Kf2 f5 38. Qb3+ Kh7 39. Qxb7 Rf7 40. Qf3 Rg7 41. Ke2 Qg2+ 42. Ke3 Qxf3+ 43. Kxf3 e5 44. h3 exf4 45. Kxf4 Rc7 0-1

[Event "Salon de Provence op 1st"]
[Site "Salon de Provence"]
[Date "2006.04.24"]
[Round "1"]
[White "Moreau, Lionel"]
[Black "Bassereau, Georges"]
[Result "0-1"]
[WhiteElo "1380"]
[BlackElo "1800"]
[PlyCount "72"]
[EventDate "2006.04.24"]
[EventType "swiss"]
[EventRounds "7"]
[EventCountry "FRA"]
[SourceTitle "CBM 112 Extra"]
[Source "ChessBase"]
[SourceDate "2006.07.14"]
[SourceVersion "1"]
[SourceVersionDate "2006.07.14"]
[SourceQuality "1"]

1. b3 e5 2. Bb2 Nc6 3. e3 d5 4. Bb5 Bd6 5. h3 Nf6 6. Nf3 Qe7 7. c4 a6 8. Bxc6+ bxc6 9. 0-0 a5 10. a4 Ba6 11. Na3 Rb8 12. Qc2 Nd7 13. d4 e4 14. Nh2 0-0 15. f4 exf3 16. Rxf3 Nf6 17. c5 Bxh2+ 18. Kxh2 Qe4 19. Qc3 Bc8 20. Raf1 Qh4 21. Qxa5 Ne4 22. Bc1 Bg4 23. Qxc7 Bxf3 24. Rxf3 Qe1 25. Qxc6 Qxc1 26. Nb5 Nf6 27. Qd6 Qc2 28. c6 Qxb3 29. c7 Ra8 30. g4 h6 31. Kh1 Qd1+ 32. Kg2 Ne4 33. Qxd5 Qe2+ 34. Kh1 Qxf3+ 35. Kh2 Qg3+ 36. Kh1 Nf2# 0-1